Обучение иностранным языкам: теория и практика (Запис № 322314)

МАРК-запис
000 -Лідер
fixed length control field 01616nam a22002657a 4500
001 - Контрольний номер
control field 36006
003 - Ідентифікатор контрольного номера
control field UA-OsUOA
005 - Дата та час останнього входження (трансакції)
control field 20230504161229.0
007 - Фіксоване поле фізичного опису
fixed length control field ta
008 - Елементи даних фіксованої довжини – загальна інформація
fixed length control field 20060112b un ||||| |||| 00| 0 ukr d
020 ## - Міжнародний стандартний книжковий номер (ISBN)
Міжнародний стандартний книжковий номер (ISBN) (НП) 5-204-00341-Х
040 ## - Джерело каталогізації
Агенція оригінальної каталогізації UA-OsUOA
Мова каталогізації rus
Агенція, яка здійснювала перезапис UA-OsUOA
Агенція, яка здійснювала модифікацію UA-OsUOA
041 ## - Код мови
Код мови тексту/ звукової доріжки чи окремого заголовка (П) rus
080 ## - Індекс Універсальної десяткової класифікації
Індекс Універсальної десяткової класифікації (УДК) (НП) 372.8:81,24
090 ## - Локальний шифр розміщення
Класифікаційний індекс УДК 372.8:81,24
Авторський знак (НП) Щ95
100 ## - Основне введення – ім’я особи
Ім’я особи (НП) Щукин А. Н.
245 ## - Відомості про назву
Назва (НП) Обучение иностранным языкам: теория и практика
Решта назви (НП) учебное пособие для преподаватилей и студентов
260 ## - Публікація, розповсюдження і т.п. (Вихідні дані)
Місце публікації, розповсюдження і т.п. (П) М.
Ім’я/ наймення видавництва, розповсюджувача і т.п. (П) Филоматис
Дата публікації, розповсюдження і т.п. (П) 2004
300 ## - Фізичний опис
Обсяг 416 с.
520 ## - Резюме і т.п.
Резюме, реферат, анотація, тощо (НП) Настоящее пособие посвящено характеристике лингводидактических основ преподавания иностранных языков. Его содержание соответствует требованиям Государственного образовательного стандарта высшего профессионального образования по подготовке специалистов в области лингвистики и межкультурной коммуникации с присвоением квалификации лингвист, преподаватель иностранного языка, переводчик.
650 #7 - Додаткове предметне введення – тематичний термін
Тематичний термін чи географічна назва, як елемент введення (НП) 37 Освіта. Виховання. Навчання. Дозвілля
Джерело заголовка чи терміна UDC
942 ## - Додаткові елементи входу (Коха)
Тип елемента Koha Книги
Source of classification or shelving scheme Universal Decimal Classification
955 ## - Код типу видання за змістом
Код типу видання за змістом (НП) Навчальні видання
Фонди
Стан вилучень Стан втрат Джерело класифікації або схеми стелажів Стан уражень Не для кредиту Постійне місце розташування Поточне розміщення Дата придбання Джерело придбання Вартість, звичайна ціна покупки Інвентарний номер Усього замовленно Повний номер виклику Штрих-код Дата останнього перегляду Ціна ефективна від Тип елемента Koha
    Universal Decimal Classification     ЧЗ - Читальна зала ЧЗ - Читальна зала 12/01/2006 3/2006 40.42 89785   372.8:81,24 Щ95 89785 07/02/2022 12/01/2006 Книги
    Universal Decimal Classification     ЧЗ - Читальна зала ЧЗ - Читальна зала 12/01/2006 3/2006 40.42 89786   372.8:81,24 Щ95 89786 16/11/2021 12/01/2006 Книги
    Universal Decimal Classification     ЧЗ - Читальна зала ЧЗ - Читальна зала 12/01/2006 3/2006 40.42 89787   372.8:81,24 Щ95 89787 16/11/2021 12/01/2006 Книги
    Universal Decimal Classification     ЧЗ - Читальна зала ЧЗ - Читальна зала 12/01/2006 3/2006 40.42 89788   372.8:81,24 Щ95 89788 16/11/2021 12/01/2006 Книги
    Universal Decimal Classification     ЧЗ - Читальна зала ЧЗ - Читальна зала 12/01/2006 3/2006 40.42 89789   372.8:81,24 Щ95 89789 07/02/2022 12/01/2006 Книги